Sports Quiz

Random Sports or Football Quiz

The Top 101 NFL Receivers of 2015 Quiz Stats

 Plays Quiz Updated Nov 17, 2016

Score 0/101 Timer 10:00
0 Plays Today
Team(s) Player % Correct
ATLJulio Jones
98.3%
PITAntonio Brown
97.6%
GBJames Jones
96.5%
CINMarvin Jones
96.4%
ARIJohn Brown
96.2%
NYGOdell Beckham Jr.
95.2%
DETCalvin Johnson
95.2%
INDAndre Johnson
94.2%
SDStevie Johnson
94%
CLEDuke Johnson
93.9%
CINA.J. Green
93.2%
ARILarry Fitzgerald
93%
DENDemaryius Thomas
92.6%
NERob Gronkowski
91.3%
NYJBrandon Marshall
91.3%
HOUDeAndre Hopkins
89.8%
TBMike Evans
84%
INDT.Y. Hilton
83.1%
DENEmmanuel Sanders
82.6%
JACAllen Robinson
81.9%
WASDeSean Jackson
81.6%
TBVincent Jackson
81.3%
PITMartavis Bryant
80.3%
SEADoug Baldwin
80.1%
OAKAmari Cooper
80%
BALSteve Smith, Sr.
78.7%
SFTorrey Smith
78.2%
TENDorial Green-Beckham
78.1%
CARGreg Olsen
78.1%
NYJEric Decker
78%
KCJeremy Maclin
77.7%
BUFSammy Watkins
77.4%
MIAJarvis Landry
77.1%
NEJulian Edelman
76.4%
Team(s) Player % Correct
JACAllen Hurns
71%
GBRandall Cobb
70.7%
DETGolden Tate
70.4%
KCTravis Kelce
68.8%
SEAJimmy Graham
68.2%
NOBrandin Cooks
67.1%
OAKMichael Crabtree
66.1%
STLJared Cook
63.6%
WASPierre Garçon
63.5%
DALTerrance Williams
63.3%
CARTed Ginn, Jr.
63%
DALJason Witten
62.9%
WASJordan Reed
62.3%
ATLRoddy White
60.9%
TENDelanie Walker
60.6%
ARIMichael Floyd
60.1%
CLETravis Benjamin
59.9%
PHIJordan Matthews
59.9%
SDMalcom Floyd
59.8%
CHIAlshon Jeffery
59.5%
MIARishard Matthews
59.5%
SDKeenan Allen
59.3%
NOMarques Colston
58.8%
SDAntonio Gates
58.4%
CLEGary Barnidge
56.4%
NEDanny Amendola
54.6%
SFAnquan Boldin
53.7%
MINStefon Diggs
51.6%
PITHeath Miller
51.6%
PHIZach Ertz
48.7%
MINMike Wallace
45%
PITMarkus Wheaton
44.3%
STLTavon Austin
43.7%
NYGRueben Randle
43.2%
Team(s) Player % Correct
NOBenjamin Watson
42.8%
SEAJermaine Kearse
42.4%
CINTyler Eifert
42.3%
SEATyler Lockett
41.9%
DETEric Ebron
38.4%
NOWillie Snead
38.4%
GBRichard Rodgers
37.7%
BALKamar Aiken
37.4%
GBDavante Adams
37%
DALCole Beasley
35.6%
STLKenny Britt
34.2%
SDDanny Woodhead
34.1%
INDCoby Fleener
32.9%
INDDonte Moncrief
31.8%
HOUNate Washington
31.3%
NEBrandon LaFell
30.8%
MINKyle Rudolph
29.9%
BUFRobert Woods
28.8%
CARDevin Funchess
28.2%
ATLDevonta Freeman
27.8%
BUFCharles Clay
27.6%
DENOwen Daniels
27.3%
MIADevante Parker
23.7%
ATLJacob Tamme
21.6%
CLEBrian Hartline
20.9%
WASJamison Crowder
19.7%
HOUCecil Shorts
19.5%
DETTheo Riddick
19.4%
CARJerricho Cotchery
17.5%
NYGShane Vereen
14.9%
SDDontrelle Inman
13.4%
TBCharles Sims
12.2%
OAKSeth Roberts
11.7%

You're not logged in!

Compare scores with friends on all Sporcle quizzes.
OR
Log In

Show Comments

Extras

Top Quizzes Today


Score Distribution

Your Account Isn't Verified!

In order to create a playlist on Sporcle, you need to verify the email address you used during registration. Go to your Sporcle Settings to finish the process.

Report this User

Report this user for behavior that violates our Community Guidelines.

Details: